| 000 | 00391nam a2200157Ia 4500 | ||
|---|---|---|---|
| 005 | 20250509040815.0 | ||
| 008 | 240331s9999 xx 000 0 und d | ||
| 082 |
_bDIS _a891 |
||
| 100 | _aDissanayake, Wasantha | ||
| 245 | 0 | _aJVP Deshapalanaya gana | |
| 250 | _a2nd | ||
| 260 |
_aMaradana _bHely Graphics _c1991 |
||
| 300 | _a50 p ., | ||
| 500 | _aAn Inquiry About JVP politics | ||
| 942 | _cL | ||
| 999 |
_c2392 _d2392 |
||